01565nam a22001697a 4500999001700000020001800017082001700035100002800052100001900080245005300099260003200152300001600184520096300200650004901163942001201212952017101224 c26581d26581 a9781529342222 a614.4bOST-D aOsterholam , Michael T. aOlshaker, Mark aDeadliest Enemy b:Our War Against Killer Germs  aLondon bJohn Murray c2020 axxiii,341p. aA world-leading epidemiologist shares his stories from the front lines of our war on infectious diseases and explains how to prepare for epidemics that can challenge world order. Every new development--from exploding human and animal populations to trade and travel--intensifies our susceptibility to a devastating epidemic. Ironically, a pandemic on the scale of the 1918 flu that killed perhaps a hundred million people would be deadlier today, despite a century of medical advances. As the current Zika epidemic proves, we are wholly unprepared for these diseases. So what can-and must--we do to protect ourselves against mankind's Deadliest Enemy? Separating experience-borne fact from mindless fear, Michael Osterholm and Mark Olshaker detail the plans and resources that must be in place when the unthinkable becomes the inevitable. DEADLIEST ENEMY is high scientific drama, a chronicle of mystery and discovery, a reality check, and a plan of action.  aEpidemicsvPreventionvCommunicable diseases 2ddccBK 00104070aNASSDOCbNASSDOCd2021-02-18eOverseas Press India Private Limitedg510.27i2021-02-19l0o614.4 OST-Dp51291r2021-02-19 00:00:00v699.00w2021-02-19yBK